The routledge applied linguistics reader
Αποθηκεύτηκε σε:
| Άλλοι συγγραφείς: | |
|---|---|
| Μορφή: | Βιβλίο |
| Γλώσσα: | English |
| Δημοσίευση: |
London, New York :
Routledge,
2011
|
| Θέματα: | |
| Ετικέτες: |
Προσθήκη ετικέτας
Δεν υπάρχουν, Καταχωρήστε ετικέτα πρώτοι!
|
MARC
| LEADER | 00000nam a2200000 i 4500 | ||
|---|---|---|---|
| 001 | 1/24431 | ||
| 008 | 130114s2011 eng d | ||
| 020 | |a 978-0-415-56620-9 | ||
| 035 | |l 10113445 | ||
| 040 | |a GR-MY-UA |b gre |e aacr | ||
| 041 | 0 | |a eng | |
| 082 | 0 | |a 418 |2 (22) | |
| 245 | 1 | 4 | |a The routledge applied linguistics reader / |c Edited: Li Wei |
| 260 | |a London, New York : |b Routledge, |c 2011 | ||
| 300 | |a 534 σ.; |c 24 εκ. | ||
| 504 | |a Περιέχει βιβλιογραφικές παραπομπές και ευρετήριο | ||
| 650 | 0 | 0 | |a Applied linguistics. |
| 650 | 0 | 0 | |a Language and languages |x Study and teaching. |
| 700 | 1 | |a Wei, Li. |4 edt | |
| 852 | |a INST |b RHODES |e 20130114 |h 418 ROU |p 005400034770 |q 005400034770 |t BK |y 0 | ||
| 901 | |a BIBL4-2013-1 | ||
| 909 | |a Ρ |b 177253 | ||
| 922 | |a 4ΕΛΗ |b 201210 |c ΤΑΚ/ΠΤΔΕ |d BEST BOOK HUNTERS | ||
| 970 | |z 2013/01/14 | ||